000 01472nam a22002417a 4500
999 _c59667
_d59667
003 Ge_BSU
005 20240322164627.0
008 230330s2022 ge ||||| |||| 00| 0 geo d
020 _a24492507
041 _ageo
080 _a378(063) ს-32
245 _aსაქართველოს მეცნიერებათა ეროვნული აკადემია; აჭარის ავტონომიური რესპუბლიკის რეგიონული სამეცნიერო ცენტრის შრომები :
_bტ. 8. Transactions /
_cმთავ. რედ. ვანო პაპუნიძე; რედ. მიხეილ დონაძე, მარინე აროშიძე, ვლადიმერ ბალაძე და სხვ.
264 _aბათუმი,
_c2022.
300 _a207 გვ.;
_b30 სმ.
504 _aბიბლიოგრ. თავების ბოლოს
653 _aშრომები
700 _aპაპუნიძე, ვანო
_eმთ. რედაქტორი
_91737
700 _aდონაძე, მიხეილ
_eრედაქტორი
_917385
700 _aაროშიძე, მარინე
_eრედაქტორი
_913519
700 _aბალაძე ვლადიმერ და სხვ.
_eრედაქტორი
_917386
773 _tნაჩუქარი
942 _2udc
_cSHR